000 00978nam a22002297a 4500
999 _c7960
_d7960
003 AR-CdUCM
008 190321b ||||| |||| 00| 0 spa d
040 _aMUNICIPALIDAD PROVINCIAL DEL CUSCO
_cBIBLIOTECA MUNICIPAL DEL CUSCO
082 _a530 /
_bB69
100 _aBohm, David
_922493
245 _aCausalidad y azar en la física moderna /
260 _aMéxico :
_bUniversidad Autónoma de México,
_c1959.
300 _a253 paginas ;
_c21 cm.
440 _aProblemas científicos y filosóficos
_n14
_922494
505 _aContenido :La casualidad y el azar en la ley natural -- La causalidad y el azar en la física clásica: la filosofía del mecanicismo -- La teoría cuántica -- Otras interpretaciones de la teoría cuántica -- Concepción mas general de la ley natural ...
650 _aFísica moderna
_922495
650 _aFilosofía
_9395
650 _aFísica pura
_920428
700 _aLearn, Daisy (traductor)
_922496
942 _2ddc
_cLIBROS
945 _arum